<?xml version="1.0" encoding="UTF-8"?>
<record
    xmlns:xsi="http://www.w3.org/2001/XMLSchema-instance"
    xsi:schemaLocation="http://www.loc.gov/MARC21/slim http://www.loc.gov/standards/marcxml/schema/MARC21slim.xsd"
    xmlns="http://www.loc.gov/MARC21/slim">

  <leader>01971nam a2200229 a 4500</leader>
  <controlfield tag="001">60958</controlfield>
  <controlfield tag="003">BD-RjUL</controlfield>
  <controlfield tag="005">20211209080915.0</controlfield>
  <controlfield tag="008">170104s1999    bg ||||| |||| 00| 0 ben d</controlfield>
  <datafield tag="035" ind1=" " ind2=" ">
    <subfield code="a">(BD-RjUL)61082</subfield>
  </datafield>
  <datafield tag="040" ind1=" " ind2=" ">
    <subfield code="a">BD-RjUL</subfield>
    <subfield code="b">ben</subfield>
    <subfield code="c">BD-RjUL</subfield>
    <subfield code="d">BD-RjUL</subfield>
  </datafield>
  <datafield tag="041" ind1=" " ind2=" ">
    <subfield code="a">ben</subfield>
  </datafield>
  <datafield tag="082" ind1=" " ind2=" ">
    <subfield code="2">23</subfield>
    <subfield code="a">344.032095492</subfield>
    <subfield code="b">SOM 1999</subfield>
  </datafield>
  <datafield tag="245" ind1="0" ind2="0">
    <subfield code="a">&#x9B8;&#x9AE;&#x9BE;&#x99C;&#x995;&#x9B2;&#x9CD;&#x9AF;&#x9BE;&#x9A3; &#x9AE;&#x9A8;&#x9CD;&#x9A4;&#x9CD;&#x9B0;&#x9A3;&#x9BE;&#x9B2;&#x9AF;&#x9BC; &#x993; &#x989;&#x9B9;&#x9BE;&#x9B0; &#x985;&#x9A7;&#x9BF;&#x9A8;&#x9B8;&#x9CD;&#x9A5; &#x9B8;&#x9AE;&#x9BE;&#x99C;&#x9B8;&#x9C7;&#x9AC;&#x9BE; &#x985;&#x9A7;&#x9BF;&#x9A6;&#x9AA;&#x9CD;&#x9A4;&#x9B0;&#x9C7;&#x9B0; &#x9AA;&#x9CD;&#x9B0;&#x9A4;&#x9BF;&#x9B7;&#x9CD;&#x9A0;&#x9BE;&#x9A8;, &#x9B8;&#x9CD;&#x9AC;&#x9C7;&#x99A;&#x9CD;&#x99B;&#x9BE;&#x9B8;&#x9C7;&#x9AC;&#x9C0; &#x9AA;&#x9CD;&#x9B0;&#x9A4;&#x9BF;&#x9B7;&#x9CD;&#x9A0;&#x9BE;&#x9A8;, &#x9A8;&#x9BF;&#x9AF;&#x9BC;&#x9CB;&#x997;&#x9AC;&#x9BF;&#x9A7;&#x9BF; &#x9B8;&#x982;&#x995;&#x9CD;&#x9B0;&#x9BE;&#x9A8;&#x9CD;&#x9A4; &#x986;&#x987;&#x9A8;, &#x9AC;&#x9BF;&#x9A7;&#x9BF;, &#x99C;&#x9BE;&#x9A4;&#x9C0;&#x9AF;&#x9BC; &#x9B8;&#x9AE;&#x9BE;&#x99C;&#x995;&#x9B2;&#x9CD;&#x9AF;&#x9BE;&#x9A3; &#x9AA;&#x9B0;&#x9BF;&#x9B7;&#x9A6; &#x997;&#x9A0;&#x9A8;, &#x985;&#x9A8;&#x9C1;&#x9A6;&#x9BE;&#x9A8;&#x9AC;&#x9A8;&#x9CD;&#x99F;&#x9A8; &#x9B8;&#x982;&#x995;&#x9CD;&#x9B0;&#x9BE;&#x9A8;&#x9CD;&#x9A4; &#x9A8;&#x9C0;&#x9A4;&#x9BF;&#x9AE;&#x9BE;&#x9B2;&#x9BE;, &#x986;&#x9B2; &#x9A8;&#x9BE;&#x9B9;&#x9BF;&#x9AF;&#x9BC;&#x9BE;&#x9A8; &#x99F;&#x9CD;&#x9B0;&#x9BE;&#x9B7;&#x9CD;&#x99F; &#x98F;&#x9AC;&#x982; &#x99C;&#x9BE;&#x9A4;&#x9C0;&#x9AF;&#x9BC; &#x9AA;&#x9CD;&#x9B0;&#x9A4;&#x9BF;&#x9AC;&#x9A8;&#x9CD;&#x9A7;&#x9C0; &#x989;&#x9A8;&#x9CD;&#x9A8;&#x9AF;&#x9BC;&#x9A8; &#x9AB;&#x9BE;&#x989;&#x9A8;&#x9CD;&#x9A1;&#x9C7;&#x9B6;&#x9A8; &#x9B8;&#x982;&#x995;&#x9CD;&#x9B0;&#x9BE;&#x9A8;&#x9CD;&#x9A4; &#x997;&#x9C1;&#x9B0;&#x9C1;&#x9A4;&#x9CD;&#x9AC;&#x9AA;&#x9C2;&#x9B0;&#x9CD;&#x9A3; &#x9AC;&#x9BF;&#x9A7;&#x9BF; &#x993; &#x9AA;&#x9B0;&#x9BF;&#x9AA;&#x9A4;&#x9CD;&#x9B0; &#x987;&#x9A4;&#x9CD;&#x9AF;&#x9BE;&#x9A6;&#x9BF; /</subfield>
    <subfield code="c">&#x997;&#x9A3;&#x9AA;&#x9CD;&#x9B0;&#x99C;&#x9BE;&#x9A4;&#x9A8;&#x9CD;&#x9A4;&#x9CD;&#x9B0;&#x9C0; &#x9AC;&#x9BE;&#x982;&#x9B2;&#x9BE;&#x9A6;&#x9C7;&#x9B6; &#x9B8;&#x9B0;&#x995;&#x9BE;&#x9B0;, &#x9B8;&#x9AE;&#x9BE;&#x99C; &#x995;&#x9B2;&#x9CD;&#x9AF;&#x9BE;&#x9A3; &#x9AE;&#x9A8;&#x9CD;&#x9A4;&#x9CD;&#x9B0;&#x9A3;&#x9BE;&#x9B2;&#x9AF;&#x9BC;</subfield>
  </datafield>
  <datafield tag="260" ind1=" " ind2=" ">
    <subfield code="a">&#x997;&#x9A3;&#x9AA;&#x9CD;&#x9B0;&#x99C;&#x9BE;&#x9A4;&#x9A8;&#x9CD;&#x9A4;&#x9CD;&#x9B0;&#x9C0; &#x9AC;&#x9BE;&#x982;&#x9B2;&#x9BE;&#x9A6;&#x9C7;&#x9B6; &#x9B8;&#x9B0;&#x995;&#x9BE;&#x9B0; :</subfield>
    <subfield code="b">&#x9B8;&#x9AE;&#x9BE;&#x99C; &#x995;&#x9B2;&#x9CD;&#x9AF;&#x9BE;&#x9A3; &#x9AE;&#x9A8;&#x9CD;&#x9A4;&#x9CD;&#x9B0;&#x9A3;&#x9BE;&#x9B2;&#x9AF;&#x9BC;,</subfield>
    <subfield code="c">&#x9E7;&#x9EF;&#x9EF;&#x9EF;</subfield>
  </datafield>
  <datafield tag="300" ind1=" " ind2=" ">
    <subfield code="a">&#x996;&#x9A8;&#x9CD;&#x9A1;. ;</subfield>
    <subfield code="c">&#x9E8;&#x9E9; &#x9B8;&#x9C7;&#x9AE;&#x9BF;.</subfield>
  </datafield>
  <datafield tag="505" ind1=" " ind2=" ">
    <subfield code="a">&#x996;&#x9A8;&#x9CD;&#x9A1;. &#x9E7;. -- </subfield>
  </datafield>
  <datafield tag="650" ind1=" " ind2=" ">
    <subfield code="a">&#x9B8;&#x9AE;&#x9BE;&#x99C;&#x995;&#x9B2;&#x9CD;&#x9AF;&#x9BE;&#x9A3; &#x9B8;&#x9AE;&#x9B8;&#x9CD;&#x9AF;&#x9BE; &#x98F;&#x9AC;&#x982; &#x9AA;&#x9B0;&#x9BF;&#x99A;&#x9B0;&#x9CD;&#x9AF;&#x9BE;</subfield>
    <subfield code="z">&#x9AC;&#x9BE;&#x982;&#x9B2;&#x9BE;&#x9A6;&#x9C7;&#x9B6;</subfield>
    <subfield code="9">181777</subfield>
  </datafield>
  <datafield tag="650" ind1=" " ind2=" ">
    <subfield code="a">Social Welfare Problems and Services</subfield>
    <subfield code="z">Bangladesh</subfield>
    <subfield code="9">181778</subfield>
  </datafield>
  <datafield tag="710" ind1=" " ind2=" ">
    <subfield code="a">&#x997;&#x9A3;&#x9AA;&#x9CD;&#x9B0;&#x99C;&#x9BE;&#x9A4;&#x9A8;&#x9CD;&#x9A4;&#x9CD;&#x9B0;&#x9C0; &#x9AC;&#x9BE;&#x982;&#x9B2;&#x9BE;&#x9A6;&#x9C7;&#x9B6; &#x9B8;&#x9B0;&#x995;&#x9BE;&#x9B0;, &#x9B8;&#x9AE;&#x9BE;&#x99C; &#x995;&#x9B2;&#x9CD;&#x9AF;&#x9BE;&#x9A3; &#x9AE;&#x9A8;&#x9CD;&#x9A4;&#x9CD;&#x9B0;&#x9A3;&#x9BE;&#x9B2;&#x9AF;&#x9BC;</subfield>
    <subfield code="9">181779</subfield>
  </datafield>
  <datafield tag="942" ind1=" " ind2=" ">
    <subfield code="2">ddc</subfield>
    <subfield code="c">BK</subfield>
  </datafield>
  <datafield tag="999" ind1=" " ind2=" ">
    <subfield code="c">60958</subfield>
    <subfield code="d">60958</subfield>
  </datafield>
  <datafield tag="952" ind1=" " ind2=" ">
    <subfield code="0">0</subfield>
    <subfield code="1">0</subfield>
    <subfield code="2">ddc</subfield>
    <subfield code="4">0</subfield>
    <subfield code="7">1</subfield>
    <subfield code="8">NFIC</subfield>
    <subfield code="a">RUCL</subfield>
    <subfield code="b">RUCL</subfield>
    <subfield code="c">Reading</subfield>
    <subfield code="d">2013-08-20</subfield>
    <subfield code="e">Book Sindicate, Dhaka.</subfield>
    <subfield code="g">200.00</subfield>
    <subfield code="l">0</subfield>
    <subfield code="o">B 344.032095492 SOM V-1 1999</subfield>
    <subfield code="r">2017-01-04 00:00:00</subfield>
    <subfield code="t">C-1</subfield>
    <subfield code="w">2021-12-09</subfield>
    <subfield code="y">BK</subfield>
  </datafield>
  <datafield tag="952" ind1=" " ind2=" ">
    <subfield code="0">0</subfield>
    <subfield code="1">0</subfield>
    <subfield code="2">ddc</subfield>
    <subfield code="4">0</subfield>
    <subfield code="7">0</subfield>
    <subfield code="8">NFIC</subfield>
    <subfield code="a">RUCL</subfield>
    <subfield code="b">RUCL</subfield>
    <subfield code="c">Stack</subfield>
    <subfield code="d">2013-08-20</subfield>
    <subfield code="e">Book Sindicate, Dhaka.</subfield>
    <subfield code="g">200.00</subfield>
    <subfield code="l">0</subfield>
    <subfield code="o">B 344.032095492 SOM V-1 1999</subfield>
    <subfield code="r">2017-01-04 00:00:00</subfield>
    <subfield code="t">C-2</subfield>
    <subfield code="w">2021-12-09</subfield>
    <subfield code="y">BK</subfield>
  </datafield>
  <datafield tag="952" ind1=" " ind2=" ">
    <subfield code="0">0</subfield>
    <subfield code="1">0</subfield>
    <subfield code="2">ddc</subfield>
    <subfield code="4">0</subfield>
    <subfield code="7">0</subfield>
    <subfield code="8">NFIC</subfield>
    <subfield code="a">RUCL</subfield>
    <subfield code="b">RUCL</subfield>
    <subfield code="c">Stack</subfield>
    <subfield code="d">2013-08-20</subfield>
    <subfield code="e">Book Sindicate, Dhaka.</subfield>
    <subfield code="g">200.00</subfield>
    <subfield code="l">0</subfield>
    <subfield code="o">B 344.032095492 SOM V-1 1999</subfield>
    <subfield code="r">2017-01-04 00:00:00</subfield>
    <subfield code="t">C-3</subfield>
    <subfield code="w">2021-12-09</subfield>
    <subfield code="y">BK</subfield>
  </datafield>
</record>
